[Event "Salon de Provence op 1st"]
[Site "Salon de Provence"]
[Date "2006.04.27"]
[Round "6"]
[White "Roux, Jean Marie"]
[Black "Ayala, Benjamin"]
[Result "0-1"]
[WhiteElo "1480"]
[BlackElo "1490"]
[PlyCount "76"]
[EventDate "2006.04.24"]
[EventType "swiss"]
[EventRounds "7"]
[EventCountry "FRA"]
[SourceTitle "CBM 112 Extra"]
[Source "ChessBase"]
[SourceDate "2006.07.14"]
[SourceVersion "1"]
[SourceVersionDate "2006.07.14"]
[SourceQuality "1"]

1. e4 e5 2. Nf3 Nc6 3. Nc3 Nf6 4. Bb5 Bb4 5. Bxc6 bxc6 6. d3 Qe7 7. Bg5 d5 8. 0-0 Qe6 9. exd5 Nxd5 10. Nxd5 cxd5 11. c3 Bd6 12. d4 e4 13. Qc1 h6 14. Bd2 Qg6 15. Ne1 Ba6 16. c4 Bxc4 17. b3 Bxf1 18. Qc6+ Ke7 19. Kxf1 Qf5 20. Nc2 Rhc8 21. Ne3 Qe6 22. Nxd5+ Kf8 23. Re1 Qe8 24. Qc4 Rab8 25. Nc3 Qd7 26. Rxe4 Qf5 27. Qd3 Qh5 28. g3 Qg6 29. Qf3 Re8 30. Rh4 Bb4 31. h3 Re6 32. Bf4 Rf6 33. Kg2 Qc2 34. Nd5 Ra6 35. Rxh6 gxh6 36. Bxh6+ Rxh6 37. Qf4 Qc6 38. Qe5 Rb5 0-1

[Event "Salon de Provence op 1st"]
[Site "Salon de Provence"]
[Date "2006.04.25"]
[Round "3"]
[White "Chazeau, Laineur Lothaire"]
[Black "Roux, Jean Marie"]
[Result "1-0"]
[WhiteElo "1680"]
[BlackElo "1480"]
[PlyCount "119"]
[EventDate "2006.04.24"]
[EventType "swiss"]
[EventRounds "7"]
[EventCountry "FRA"]
[SourceTitle "CBM 112 Extra"]
[Source "ChessBase"]
[SourceDate "2006.07.14"]
[SourceVersion "1"]
[SourceVersionDate "2006.07.14"]
[SourceQuality "1"]

1. e4 e5 2. Nf3 Nc6 3. Bc4 Bc5 4. c3 Nf6 5. d4 exd4 6. cxd4 Bb4+ 7. Nc3 Nxe4 8. Qe2 d5 9. 0-0 Bxc3 10. bxc3 0-0 11. Bb2 Re8 12. Bd3 Ng3 13. Qc2 Nxf1 14. Bxh7+ Kf8 15. Kxf1 Bg4 16. Ba3+ Ne7 17. Re1 Bxf3 18. gxf3 Qd7 19. Bf5 Qd8 20. Bg4 Kg8 21. Re5 g6 22. Rg5 Kg7 23. h4 Rh8 24. h5 Rh6 25. hxg6 f6 26. Qe2 Nxg6 27. Be7 Qe8 28. Qe6 fxg5 29. Qf6+ Kh7 30. Bf5 Kg8 31. Be6+ Kh7 32. Bf5 Qh8 33. Qxg5 Rg8 34. Bf6 Rg7 35. Bd3 Qf8 36. f4 Qf7 37. f5 c6 38. fxg6+ Rgxg6 39. Be5 Kg8 40. Qd8+ Qf8 41. Qd7 Rh7 42. Qf5 Qxf5 43. Bxf5 Rh1+ 44. Ke2 Rg5 45. Bc8 Rxe5+ 46. dxe5 Rh7 47. Ke3 b5 48. f4 c5 49. Be6+ Kf8 50. Bxd5 Ke7 51. Ke4 a5 52. f5 Rh4+ 53. Kd3 c4+ 54. Ke3 b4 55. f6+ Kf8 56. e6 bxc3 57. e7+ Ke8 58. Bc6+ Kf7 59. e8Q+ Kxf6 60. Qd8+ 1-0

[Event "Salon de Provence op 1st"]
[Site "Salon de Provence"]
[Date "2006.04.25"]
[Round "2"]
[White "Roux, Jean Marie"]
[Black "Leccia, Capucine"]
[Result "1-0"]
[WhiteElo "1480"]
[BlackElo "1009"]
[PlyCount "63"]
[EventDate "2006.04.24"]
[EventType "swiss"]
[EventRounds "7"]
[EventCountry "FRA"]
[SourceTitle "CBM 112 Extra"]
[Source "ChessBase"]
[SourceDate "2006.07.14"]
[SourceVersion "1"]
[SourceVersionDate "2006.07.14"]
[SourceQuality "1"]

1. e4 e6 2. d4 d6 3. Nf3 Nf6 4. Nc3 Nc6 5. Bg5 e5 6. Bb5 Be7 7. dxe5 dxe5 8. Nxe5 a6 9. Nxc6 bxc6 10. Bxc6+ Kf8 11. Bxa8 Bg4 12. f3 Be6 13. 0-0 Qxa8 14. Qe2 Nd7 15. Bxe7+ Kxe7 16. a4 Nc5 17. b4 Nb7 18. Qe3 f6 19. Rfd1 g6 20. e5 f5 21. Qg5+ Kf8 22. Qf6+ Ke8 23. Qxh8+ Bg8 24. Qxg8+ Ke7 25. Qxa8 Nd6 26. exd6+ cxd6 27. Re1+ Kf6 28. Qd8+ Kf7 29. Qg5 h6 30. Re7+ Kf8 31. Qf6+ Kg8 32. Qg7# 1-0